logo

Bir Sreshtho Munshi Abdur Rouf Library
Jhenaidah Cadet College

বিদ্যা বিদ্যার্থী বিদ্যালয় / (Record no. 1254)

MARC details
000 -LEADER
fixed length control field 00756nam a2200229 a 4500
001 - CONTROL NUMBER
JCCL Control Number 1254
003 - CONTROL NUMBER IDENTIFIER
JCCL marc code BD-JhCC
005 - DATE AND TIME OF LATEST TRANSACTION
control field 20200317134008.0
008 - FIXED-LENGTH DATA ELEMENTS--GENERAL INFORMATION
fixed length control field 171017s2000 mul |||| ||a| 000 0 mul d
020 ## - INTERNATIONAL STANDARD BOOK NUMBER
International Standard Book Number 9844101697
035 ## - SYSTEM CONTROL NUMBER
system control number (BD-JhCC)1254
040 ## - CATALOGING SOURCE
Original cataloging agency BD-JhCC
Modifying agency BD-JhCC
041 ## - LANGUAGE CODE
Language code of Book mul
082 ## - DEWEY DECIMAL CLASSIFICATION NUMBER
DDC Edition number 23
Classification number 370
Author mark and Year HOS 2000
100 ## - MAIN ENTRY--PERSONAL NAME
Personal name হোসাইন, সৈয়দ বদরুদ্দিন
245 ## - TITLE STATEMENT
Title বিদ্যা বিদ্যার্থী বিদ্যালয় /
Statement of responsibility, etc সৈয়দ বদরুদ্দিন হোসাইন
260 ## - PUBLICATION, DISTRIBUTION, ETC. (IMPRINT)
Place of publication, distribution, etc ঢাকা :
Name of publisher, distributor, etc মাওলা ব্রাদার্স,
Date of publication, distribution, etc ২০০০.
300 ## - PHYSICAL DESCRIPTION
Pagination 140 p. :
Dimensions 22 cm.
650 ## - SUBJECT ADDED ENTRY--TOPICAL TERM
Topical term or geographic name as entry element Education
942 ## - ADDED ENTRY ELEMENTS (KOHA)
Source of classification or shelving scheme Dewey Decimal Classification
Koha item type Books
Koha issues (borrowed), all copies 2
Holdings
Source of classification or shelving scheme Damaged status Not for loan Home library Current library Shelving location Date of accession Cost, normal purchase price Total Checkouts Full call number Barcode Date last seen Date checked out Copy number Koha item type
Dewey Decimal Classification     JCC Rouf Library JCC Rouf Library General Stacks 10/17/2017 120.00 1 370 HOS 2000 1702 11/01/2020 03/16/2020 C-1 Books

JCC Library | Contacts | JCC Home

Last Update on 23 September 2017
Copyright @ 2017-2020 JCC Rouf Library
Rouf Library, Jhenidah Cadet College (JCC), Bangladesh